000
00326nam a2200109Ia 4500
008
200302s9999 xx 000 0 und d
100
_a
Gail Greet Hannah
245
_a
Elements of design Rowena reed kostellow and the structure of visual relationships
260
_b
Princeton Architectural Press
260
_c
2002
300
_a
152
999
_c
6519
_d
6519